000 00404nam a2200133Ia 4500
008 100328s9999 xx 000 0 und d
082 _b6838
100 _aवरेरकर भार्गवराम विठ्ठल
245 _aचला लढाईवर
260 _bनवभारत
630 _aचला लढाईवर
730 _aचला लढाईवर
942 _cBOOK
999 _c502702
_d502699